IGNACIO PÉREZ (Registro nro. 68739)

Detalles MARC
000 -CABECERA
campo de control de longitud fija 00772nam a22001817a 4500
008 - DATOS DE LONGITUD FIJA--INFORMACIÓN GENERAL
campo de control de longitud fija 260702s1996 mx |||||r|||| 000 0 spa d
040 ## - FUENTE DE LA CATALOGACIÓN
Lengua de catalogación spa
082 04 - NÚMERO DE LA CLASIFICACIÓN DECIMAL DEWEY
Número de clasificación 972.03
Número de documento/Ítem A35
100 ## - ENTRADA PRINCIPAL--NOMBRE DE PERSONA
Nombre de persona GARCÍA DE ALBA, GABRIEL AGRAZ
245 ## - MENCIÓN DE TÍTULO
Título IGNACIO PÉREZ
Resto del título EL MENSAJERO DE LA LIBERTAD
300 ## - DESCRIPCIÓN FÍSICA
Extensión 22 PAGINAS
Dimensiones 21.5 cm x 14 cm
336 ## - TIPO DE CONTENIDO
Fuente rdacontent
Término de tipo de contenido texto
Código de tipo de contenido txt
337 ## - TIPO DE MEDIO
Fuente rdamedia
Nombre/término del tipo de medio sin mediación
Código del tipo de medio n
338 ## - TIPO DE SOPORTE
Fuente rdacarrier
Nombre/término del tipo de soporte volumen
Código del tipo de soporte nc
505 ## - NOTA DE CONTENIDO CON FORMATO
Nota de contenido con formato RELATA LA HAZAÑA DEL QUERETANO QUE, LA NOCHE DEL 13 DE SEPTIEMBRE DE 1810, LLEVÓ EL AVISO DE LA CONSPIRACIÓN DESCUBIERTA Y PERMITIÓ EL INICIO DE LA INDEPENDENCIA DE MÉXICO.
650 ## - PUNTO DE ACCESO ADICIONAL DE MATERIA--TÉRMINO DE MATERIA
Término de materia o nombre geográfico como elemento de entrada GEOGRAFÍA E HISTORIA
Subdivisión de forma HISTORIA GENERAL DE AMÉRICA DEL NORTE
Subdivisión general MESOAMÉRICA (AMÉRICA DEL NORTE) MÉXICO
942 ## - ELEMENTOS DE PUNTO DE ACCESO ADICIONAL (KOHA)
Fuente del sistema de clasificación o colocación Dewey Decimal Classification
Tipo de ítem Koha Colección Querétaro
Existencias
Estado de retiro Estado de pérdida Fuente del sistema de clasificación o colocación Estado dañado No para préstamo Código de colección Localización permanente Ubicación/localización actual Fecha de adquisición Fuente de adquisición Total de préstamos Signatura topográfica completa Fecha visto por última vez Número de copia Precio válido a partir de Tipo de ítem Koha
    Dewey Decimal Classification   Préstamo en Sala Colecciones Especiales (Quéretaro, IQM, Idiomas, SEP, Inea.) BIBLIOTECA PÚBLICA CENTRAL ESTATAL “FRANCISCO CERVANTES” BIBLIOTECA PÚBLICA CENTRAL ESTATAL “FRANCISCO CERVANTES” 07/15/2018 DONACION   972.03 A35 07/02/2026 EJ. 1 07/02/2026 Colección Querétaro